| 000 | 00552nam a22002297a 4500 | ||
|---|---|---|---|
| 005 | 20240813164819.0 | ||
| 008 | 170818b xxu||||| |||| 00| 0 spa d | ||
| 020 | _a9788415729013 | ||
| 041 | _aESP | ||
| 082 | _a813.54 P211el | ||
| 100 |
_aPaolini, Christopher _943835 |
||
| 245 | _aEldest | ||
| 260 | _aEspaña | ||
| 260 | _bRocabolsillo | ||
| 260 | _c2005 | ||
| 300 | _a831 páginas | ||
| 440 | _aEl legado | ||
| 650 | _aLITERATURA ESTADOUNIDENSE | ||
| 650 | _aNOVELA ESTADOUNIDENSE | ||
| 650 | _aNOVELA DE FANTASÍA | ||
| 942 |
_cLIT _2ddc |
||
| 999 |
_c9749 _d9749 |
||